New rules for cross-border property and construction services (Record no. 74063)
[ view plain ]
| 000 -LEADER | |
|---|---|
| fixed length control field | 01220cab a2200289 4500 |
| 001 - CONTROL NUMBER | |
| control field | WB4003-05 |
| 008 - FIXED-LENGTH DATA ELEMENTS--GENERAL INFORMATION | |
| fixed length control field | 040120n2004 000 0 eng u |
| 035 ## - SYSTEM CONTROL NUMBER | |
| System control number | (Sirsi) u124873 |
| 245 ## - TITLE STATEMENT | |
| Title | New rules for cross-border property and construction services |
| 260 ## - PUBLICATION, DISTRIBUTION, ETC. | |
| Date of publication, distribution, etc. | 2004 |
| 490 ## - SERIES STATEMENT | |
| Series statement | RICS Brussels Briefing |
| Volume/sequential designation | 19 January 2004 (1) |
| 520 ## - SUMMARY, ETC. | |
| Summary, etc. | Construction and property services including estate agency, facilities management and management consultancy are all named targets of a new draft Directive to liberalise the EU's cross-border services market. The aim is to make it easier for EU service providers both to establish operations in another country and to sell across borders. http://www.europa.eu.int/comm/internal_market/en/s ervices/services/docs/2004-proposal_en.pdf. |
| 590 ## - LOCAL NOTE (RLIN) | |
| Local note | WB |
| 590 ## - LOCAL NOTE (RLIN) | |
| Local note | WB |
| 650 ## - SUBJECT ADDED ENTRY--TOPICAL TERM | |
| Topical term or geographic name entry element | CROSS-BORDER MARKET |
| 650 ## - SUBJECT ADDED ENTRY--TOPICAL TERM | |
| Topical term or geographic name entry element | CROSS-BORDER TRADE |
| 650 ## - SUBJECT ADDED ENTRY--TOPICAL TERM | |
| Topical term or geographic name entry element | SERVICE PROVIDERS |
| 650 ## - SUBJECT ADDED ENTRY--TOPICAL TERM | |
| Topical term or geographic name entry element | EUROPEAN UNION |
| 650 ## - SUBJECT ADDED ENTRY--TOPICAL TERM | |
| Topical term or geographic name entry element | PROPERTY SERVICES |
| 650 ## - SUBJECT ADDED ENTRY--TOPICAL TERM | |
| Topical term or geographic name entry element | CONSTRUCTION SERVICES |
| 650 ## - SUBJECT ADDED ENTRY--TOPICAL TERM | |
| Topical term or geographic name entry element | DRAFT DIRECTIVE |
| 650 ## - SUBJECT ADDED ENTRY--TOPICAL TERM | |
| Topical term or geographic name entry element | ESTATE AGENCY |
| 650 ## - SUBJECT ADDED ENTRY--TOPICAL TERM | |
| Topical term or geographic name entry element | FACILITIES MANAGEMENT |
| 9 (RLIN) | 6240 |
| 650 ## - SUBJECT ADDED ENTRY--TOPICAL TERM | |
| Topical term or geographic name entry element | Management consultancy |
| 9 (RLIN) | 6255 |
| 690 ## - LOCAL SUBJECT ADDED ENTRY--TOPICAL TERM (OCLC, RLIN) | |
| Topical term or geographic name as entry element | ECONOMIC ISSUES |
| 942 ## - ADDED ENTRY ELEMENTS (KOHA) | |
| Suppress in OPAC | 0 |
| Withdrawn status | Lost status | Source of classification or shelving scheme | Damaged status | Not for loan | Home library | Current library | Shelving location | Date acquired | Total Checkouts | Full call number | Barcode | Date last seen | Copy number | Price effective from | Koha item type |
|---|---|---|---|---|---|---|---|---|---|---|---|---|---|---|---|
| Dewey Decimal Classification | London | London | News article | 20/01/2004 | WB4003-05 | 124873-1001 | 06/08/2019 | 1 | 06/08/2019 | News article |